00763nam a2200229 450000100060000000300080000600500170001400800410003103500190007204000320009104100080012308200260013110000460015724501290020325000110033226000410034330000250038435000110040950000280042065000560044870000290050432702BD-RjUL20211209051900.0140428s1958 pk 000 0 eng d a(BD-RjUL)32792 aDLCcDLCdDLCdBD-RjULbeng aeng04220a297.43 bGIF 19580 aʻAbd al-Qādir al-Jīlānī,d-1166.10aFutuh al-ghaib :bThe revelations of the unseen /cby Shaikh Muhyuddin Abdul Qadir Gilani. Translated by Aftab-ud-Din Ahmad. a2d ed. aLahore :bMaktaba Nawai Waat,c1958. axx, 226 p. ;c19 cm. aRs6.50 aNew impression in 1967. 0aSufismvPrayers and devotionsvEarly works to 1800.0 aAftab-ud-Din Ahmad,etr.